000 00580nam a22001817a 4500
005 20251108165321.0
008 250721s1985 xx 000 0 ara d
082 1 4 _a960/عبد
100 1 _aالمجدوب، عبد العزيز
245 1 0 _aالصراع المذهبي بإفريقية إلى قيام الدولة الزيرية /
250 _aط2
264 1 _aتونس :
_bالدار التونسية للنشر و التوزيع،
_c1985.
300 _a308ص
650 1 7 _aإفريقيا
650 1 7 _aتاريخ إفريقيا
942 _2ddc
_cBK
999 _c24945
_d24945